000
00178 a2200097 4500
020
_a
9781596461796
041
_a
spa
100
_a
Judy Zocchi
245
_a
En suecia
942
_c
BK
999
_c
11790
_d
11790